000
00281nam a2200121Ia 4500
005
20251222143309.0
008
251222s9999||||xx |||||||||||||| ||spa||
082
_a
338.272.82/P48
245
0
_a
La Historia de Nuestra EnergĂa:
250
_a
1ra.ed.
264
_b
s.e
942
_c
LIB
999
_c
15628
_d
15628